Statistics for Mario Kart games

Click here to take the quiz!

General Stats

  • This quiz has been taken 43 times
  • The average score is 8 of 9

Answer Stats

Release dateAnswer% Correct
2011Mario Kart 7
92%
2014Mario Kart 8
92%
2017Mario Kart 8 Deluxe
92%
1996Mario Kart 64
88%
2005Mario Kart DS
88%
2008Mario Kart Wii
88%
1992Super Mario Kart
88%
2003Mario Kart: Double Dash
76%
2001Mario Kart: Super Circuit
68%

Score Distribution

Percentile by Number Answered

Percent of People with Each Score

Your Score History

You have not taken this quiz